000 00541nam a2200145 a 4500
001 000035761
005 20200930074606.0
008 111110s20uu dr ac 000 0 spa d
040 _aDO-SdBNP
_bspa
_cBNPHU
100 1 _aDurán Cruz, Daniel
_961709
245 1 0 _aManual del testificador :
_bcómo crecer espiritualmente /
_cDaniel Durán Cruz.
260 _aSanto Domingo :
_bInstituto de Capacitación Laica :
_bAsociación Central Dominicana de los Adventistas del Séptimo día,
_c[200?].
300 _a53 p. :
_bil. ;
_c21 cm.
049 _aBNPD
999 _c35252
_d35252